| 000 | 01740nam0a2200385 4500 | ||
|---|---|---|---|
| 001 | RU\NLR\BIBL_A\016363482 | ||
| 005 | 20230621155452.0 | ||
| 010 |
_a978-5-00195-870-3 _93000 |
||
| 021 |
_aRU _bКН-П-23-023547 _9КН-П-23-2346 |
||
| 035 | _a(NLR Aleph) 016363482 | ||
| 035 | _a(RuMoRGB)011723195 | ||
| 090 |
_a13159376 _c13159376 |
||
| 100 | _a20230510d2023 u y0rusy50 ca | ||
| 101 | 1 |
_arus _ceng |
|
| 102 | _aRU | ||
| 105 | _aa z 000zy | ||
| 181 | 0 |
_ai _baxxe |
|
| 182 | 1 | _an | |
| 200 | 1 |
_aЭмоции: понять, принять и управлять _eкак сохранить устойчивость, когда сложно _e[практические инструменты АСТ-терапии] _fСэм Акбар _gперевод с английского Александры Усачёвой |
|
| 203 |
_aТекст _bвизуальный _cнепосредственный |
||
| 210 |
_aМосква _cМанн, Иванов и Фербер _d2023 |
||
| 215 |
_a186, [1] с. _cил., табл. _d21 |
||
| 225 | 1 | _aПсихологический тренинг | |
| 300 | _aЗагл. и авт. ориг.: Stressilient / dr. Sam Akbar | ||
| 300 | _aНа обл. авт.: Сэм Акбар, клинический психолог | ||
| 320 | _aБиблиогр.: с. 182-187 | ||
| 333 | _a16+ | ||
| 454 | 0 |
_12001#$aStressilient$fdr. Sam Akbar _1700#1$aAkbar$bS.$gSam _tStressilient _aAkbar, Sam |
|
| 606 | 1 |
_aПсихоэмоциональные состояния _xСаморегуляция _92078277 _3RU\NLR\AUTH\661254121 |
|
| 686 | 1 | _aЮ935.21-78 | |
| 700 | 1 |
_aАкбар _bС. _gСэм |
|
| 942 | _cBOOK | ||
| 980 | _aNB | ||